000 00668nam a22002297a 4500
005 20210420081402.0
008 201214s1955 ||||| |||| 00| 0 eng d
040 _aeng
_cDLC
_deng
041 _aeng
080 _a811
_bG-79
100 _9471
_aGregg, Robert John
245 _aGregg Shorthand Manual Simplified
_c/ by: McGraw-Hill Book Company Inc.
250 _a2nd edition
260 _aNew York
_bMcGraw-Hill Book Company Inc.
_c1955
300 _a319 p.
_bill.
365 _b4.75 usd
650 0 _9445
_aLinguistics
653 _aლინგვისტიკა
700 _9472
_aLeslie, A. Louis
700 _9473
_aZoubek, E. Charles
942 _2udc
_cBK
_e2
999 _c581
_d581